Normal view MARC view

Entry Personal Name

Number of records used in: 3

001 - CONTROL NUMBER

  • control field: 40164

003 - CONTROL NUMBER IDENTIFIER

  • control field: dpl

005 - DATE AND TIME OF LATEST TRANSACTION

  • control field: 20120125151029.0

008 - FIXED-LENGTH DATA ELEMENTS

  • fixed length control field: 120125|||a|||||| | ||| d

040 ## - CATALOGING SOURCE

  • Original cataloging agency: dpl
  • Transcribing agency: dpl

100 ## - HEADING--PERSONAL NAME

  • Personal name: Blyton's, Enid

670 ## - SOURCE DATA FOUND

  • Source citation: Work cat.: (dpl): Blyton's, Enid, Learn with Noddy:, 2010

670 ## - SOURCE DATA FOUND

  • Source citation: Work cat.: (dpl): Blyton's, Enid, Learn with Noddy:, 2010

© Delhi Public Library
Hit Counter
free hit counter